100 personnage de One piece - Statistiques

Statistiques générales
  • Ce quiz a été pris 258 fois
  • Le résultat moyen est 57 sur 100
Statistiques - réponses
Nombres Personnage % Correct
1 Monkey D. Luffy
100%
43 Nami
99%
13 Roronoa Zoro
99%
14 Vinsmoke Sanji
95%
55 Nico Robin
94%
29 Portgas D. Ace
91%
5 Shanks
91%
61 Tony-Tony Chopper
90%
50 Brook
88%
6 Edward Newgate
88%
34 Franky
88%
8 Charlotte Linlin
87%
22 Jinbe
87%
2 Gol D. Roger
85%
7 Kaido
85%
27 Monkey D. Garp
85%
20 Sabo
85%
71 Usopp
85%
4 Marshall D. Teach
84%
87 Baggy
80%
21 Don Quijote Doflamingo
80%
9 Trafalgar D. Water Law
80%
26 Crocodile
79%
3 Akainu
77%
15 Dracule Mihawk
77%
16 Aokiji
76%
10 Eustass Kid
75%
58 Gecko Moria
73%
18 Kizaru
73%
45 Boa Hancock
72%
17 Charlotte Katakuri
71%
97 Neferatari Vivi
71%
36 Bartholomew Kuma
70%
100 Rayleigh
70%
25 Marco
68%
12 Sengoku
68%
88 King
65%
90 Queen
65%
19 Fujitora
64%
89 Kobby
63%
11 Kozuki Oden
61%
64 Jewelry Bonney
60%
60 Killer
60%
24 Rob Lucci
59%
39 Smoker
59%
42 Urouge
59%
48 Kinemon
58%
74 Momonosuke
57%
83 Jack
56%
77 Mr 2
55%
35 Basil Hawkins
54%
49 X-drake
54%
52 Capone Bege
53%
62 Ener
53%
37 Kaku
53%
66 Ivankov
51%
40 Yamato
51%
69 César Clown
49%
51 Scratchmen Apoo
49%
85 Tashigi
48%
23 Ben Beckmann
46%
82 Charlotte Cracker
45%
38 Charlotte Perospero
45%
41 Joz
45%
57 Bartolomeo
44%
53 Carrot
44%
78 Mr 3
44%
93 Bepo
43%
32 Caborage
43%
33 Chavipère
43%
86 Charlotte Pudding
42%
80 Perona
42%
72 Kanjuro
40%
98 Koala
40%
28 Magellan
40%
63 Mr 1
40%
70 Don Quichotte Rossinante
37%
46 Cavendish
36%
73 Jesus Burgess
36%
31 Shiliew
36%
91 Hody Jones
35%
94 Pedro
35%
67 Vinsmoke Reiju
35%
30 Vinsmoke Judge
34%
76 Raizo
32%
56 Vinsmoke Niji
32%
81 Charlotte Brulée
30%
79 Kikunujo
30%
47 Vinsmoke Ichiji
30%
59 Vinsmoke Yonji
29%
65 Denjiro
27%
96 Léo
27%
84 Bellamy
26%
99 Spandam
26%
44 Charlotte Oven
25%
68 Kawamatsu
23%
92 Octy
23%
95 Pekoms
19%
54 Caribou
16%
75 Mansherry
8%
Aucun quiz correspondant
Distribution des résultats
% des personnes avec chaque résultat
Percentile par nombre de réponses
Votre historique - résultats
Vous n’avez pas pris ce quiz